000
00493nam a2200169Ia 4500
008
110201s9999 xx 000 0 und d
082
_b
B2270
_a
KS 490
100
_a
किर गिरिजा
245
_a
गिरकी
260
_b
हेमचंद्र प्रकाशन संस्था
365
_b
14
600
_a
किर गिरिजा
630
_a
गिरकी
700
_a
किर गिरिजा
730
_a
गिरकी
942
_c
BOOK
999
_c
829331
_d
829328